| 000 | 01250nac a22003131i 4500 | ||
|---|---|---|---|
| 003 | EG-ScBUE | ||
| 005 | 20250323095320.0 | ||
| 008 | 120403r20041974ii a f 0010 eeng d | ||
| 020 | _a007058883X | ||
| 020 | _a9780070588837 | ||
| 040 |
_aEG-ScBUE _beng _erda _cEG-ScBUE _dEG-ScBUE |
||
| 082 | 0 | 4 |
_a515.2433 _bSPI _222 |
| 100 | 1 |
_aSpiegel, Murray R., _92617 _eauthor. |
|
| 245 | 1 | 0 |
_aSchaum's outline of theory and problems of fourier analysis : _bwith applications to boundary value problems / _cby Murray R. Spiegel, Ph.D., former professor and chairman, mathematics department, Rensselaer Polytechnic Institute, Harvard graduate center. |
| 246 | 3 | 0 | _aTheory and problems of fourier analysis |
| 250 | _aSecond reprint edition. | ||
| 264 | 1 |
_aPatel Nagar, New Delhi : _bTata McGraw-Hill Publishing Company Limited, _c2004. |
|
| 300 |
_a191 pages : _billustrations ; _c28 cm. |
||
| 336 |
_2rdacontent _atext _btxt |
||
| 337 |
_aunmediated _2rdamedia _bn |
||
| 338 |
_avolume _bnc _2rdacarrier |
||
| 490 | 0 | _aSchaum's outline series | |
| 500 | _aIncludes index. | ||
| 500 | _aIncludes appendix. | ||
| 650 | 7 |
_aFourier analysis. _929559 _2BUEsh |
|
| 650 | 7 |
_aBoundary value problems. _929560 _2BUEsh |
|
| 655 | _vReading book | ||
| 942 |
_cBB _2ddc |
||
| 999 |
_c114 _d114 |
||